|
|
|
|
| LEADER |
00000ny a22000003n 4500 |
| 005 |
20110520114338.0 |
| 008 |
080616s1999 sp s 000 0 spa c |
| 020 |
|
|
|a 8493052418
|
| 035 |
|
|
|a 520
|
| 040 |
|
|
|a UMA.RE
|d vLex
|
| 080 |
|
|
|a 347.736(0.034)
|
| 090 |
|
|
|c 88
|d 88
|
| 100 |
1 |
|
|a Buruaga Puertas, Vicente
|
| 245 |
1 |
3 |
|a La calificacin̤ de las insolvencias
|h [Recurso electrn̤ico]
|c Vicente Buruaga Puertas
|
| 256 |
|
|
|a Servicio en ln̕ea
|
| 260 |
|
|
|a Barcelona :
|b Atelier,
|c cop. 1999
|
| 506 |
1 |
|
|a Contenido solo disponible en los productos indicados
|d vLex Global
|d vLex Global (Academic Edition, excluding Law Schools)
|d vLex Global (U.S. Academic Edition, Law Schools)
|d vLex Global (U.S. Academic Edition, excluding Law Schools)
|d vLex Global (Academic Edition, Law Schools)
|
| 650 |
0 |
7 |
|a Concursos
|2 Tesauro vLex
|
| 650 |
0 |
7 |
|a Derecho concursal
|2 Tesauro vLex
|
| 650 |
0 |
7 |
|a Calificacin̤ del concurso
|2 Tesauro vLex
|
| 740 |
0 |
|
|a vLex Libros (Servicios en ln̕ea)
|
| 856 |
4 |
0 |
|u http://vlex.com/source/520
|z Acceso restringido
|
| 942 |
|
|
|c BOOK
|
| 999 |
0 |
|
|a Bankruptcy
|z Spain
|v En ln̕ea
|